Welcome to the Holygrace Academy Library

Please use search bar below to get started

MANAGEMENT OF LEARNING DISABILITIES (Record no. 5593)

MARC details
000 -LEADER
fixed length control field 00286nam a22001217a 4500
082 ## - DEWEY DECIMAL CLASSIFICATION NUMBER
Classification number 001
Item number RAD/M
100 ## - MAIN ENTRY--AUTHOR NAME
Personal name RADHAKRISHNAN, V K
245 ## - TITLE STATEMENT
Title MANAGEMENT OF LEARNING DISABILITIES
260 ## - PUBLICATION, DISTRIBUTION, ETC. (IMPRINT)
Place of publication KOTTAYAM
Name of publisher INSPIRE TRUST
Year of publication 2010
300 ## - PHYSICAL DESCRIPTION
Number of Pages 63
650 ## - SUBJECT ADDED ENTRY--TOPICAL TERM
Topical Term PSYCHOLOGY
Geographic subdivision KERALA
942 ## - ADDED ENTRY ELEMENTS (KOHA)
Koha item type Books
Holdings
Withdrawn status Lost status Collection code Home library Current library Shelving location Date acquired Source of acquisition Cost, normal purchase price Full call number Accession Number Koha item type
    Reference Main Library Main Library SHELF 15E--PSYCHOLOGY,JOKES 13/05/2011 purchase 50.00 001 RAD/M 06055 Books